Les 156 pokemons 5ème générations en français - Statistiques

Statistiques générales
  • Ce quiz a été pris 422 fois
  • Le résultat moyen est 110 sur 156
Statistiques - réponses
Hint Réponse % Correct
6 Roitiflam
96%
9 Clamiral
95%
5 Grotichon
95%
4 Gruikui
95%
3 Majaspic
95%
7 Moustillon
95%
0 Victini
95%
150 Zekrom
95%
149 Reshiram
94%
1 Vipelierre
94%
2 Lianaja
93%
13 Ponchien
90%
12 Ponchiot
90%
152 Kyurem
89%
14 Mastouffe
89%
8 Mateloutre
89%
19 Flamajou
88%
17 Feuillajou
87%
20 Flamoutan
87%
18 Feuilloutan
86%
21 Flotajou
86%
22 Flotoutan
86%
25 Poichigeon
86%
10 Ratentif
86%
145 Terrakium
86%
146 Viridium
86%
11 Miradar
85%
147 Boréas
84%
151 Démétéros
84%
148 Fulguris
84%
144 Cobaltium
83%
27 Déflaisan
83%
153 Keldeo
82%
28 Zébibron
82%
29 Zéblitz
82%
15 Chacripan
81%
26 Colombeau
80%
155 Genesect
80%
16 Leopardus
80%
154 Meloetta
80%
139 Solochi
80%
141 Trioxhydre
79%
140 Diamat
78%
93 Emolga
78%
44 Judokrak
78%
24 Mushana
78%
118 Tranchodon
78%
116 Coupenotte
77%
45 Karaclée
77%
40 Bétochef
76%
59 Crocorible
76%
48 Manternel
76%
57 Mascaiman
76%
36 Minotaupe
76%
61 Darumacho
75%
23 Munna
74%
39 Ouvrifier
74%
35 Rototaupe
74%
38 Charpenti
73%
47 Couverdure
73%
43 Crapustule
73%
58 Escroco
73%
106 Clic
72%
113 Funécir
72%
32 Gigalithe
72%
117 Incisache
72%
120 Polagriffe
72%
119 Polarhume
72%
105 Tic
72%
49 Venipatte
72%
60 Darumarond
71%
46 Larveyette
71%
83 Nucléos
71%
50 Scobolide
71%
85 Symbios
71%
41 Tritonde
71%
69 Tutankafer
71%
51 Brutapode
70%
107 Cliticlic
70%
30 Nodulithe
70%
68 Tutafeh
70%
121 Hexagel
69%
115 Lugulabre
69%
84 Méios
69%
34 Rhinolove
69%
42 Batracné
68%
33 Chovsourir
68%
31 Géolithe
67%
102 Mygavolt
67%
127 Drakkarmin
66%
138 Fermite
66%
81 Mésmérella
66%
37 Nanméouie
66%
143 Pyrax
66%
82 Sidérella
66%
137 Aflamanoir
65%
88 Sorbébé
65%
90 Sorbouboul
65%
89 Sorboul
65%
101 Statitik
65%
86 Couaneton
64%
67 Cryptéro
64%
114 Mélancolux
64%
99 Moyade
64%
142 Pyronille
64%
77 Zoroark
64%
76 Zorua
64%
80 Scrutella
63%
134 Guériaigle
62%
87 Lakmécygne
62%
123 Limaspeed
62%
62 Maracachi
62%
104 Noacier
62%
108 Anchwatt
61%
129 Golemastoc
61%
103 Grindur
61%
52 Doudouvet
60%
122 Escargaume
60%
132 Frison
60%
133 Furaiglon
60%
109 Lampéroie
60%
110 Ohmassacre
60%
98 Viskuse
60%
53 Farfaduvet
59%
95 Lançargot
59%
130 Scalpion
59%
131 Scalproie
59%
55 Fragilady
58%
128 Gringolem
58%
71 Mégapagos
58%
136 Vaututrice
58%
70 Carapagos
57%
78 Chinchidou
57%
124 Limonde
57%
91 Vivaldaim
57%
135 Vostourno
57%
72 Arkéapti
56%
66 Baggaid
56%
56 Bargantua
56%
79 Pashmilla
56%
126 Shaofouine
56%
64 Crabaraque
55%
92 Haydaim
55%
65 Baggiguane
54%
94 Carabing
54%
54 Chlorobule
54%
63 Crabicoque
54%
125 Kungfouine
54%
75 Miasmax
54%
111 Lewsor
52%
74 Miamiasme
52%
100 Mamanbo
51%
112 Neitram
51%
73 Aéroptérix
50%
97 Gaulet
46%
96 Trompignon
45%
Aucun quiz correspondant
Distribution des résultats
% des personnes avec chaque résultat
Percentile par nombre de réponses
Votre historique - résultats
Vous n’avez pas pris ce quiz